000 00946cam a22002897a 4500
003 CHAP
005 20220329135036.0
008 971013s1975 r 00010 d
010 _a30000
011 _a30972
035 _a35084
040 _cCHAP
082 _a396
_bN3
110 0 0 _aOrganización de las Naciones Unidas.
_983534
245 1 3 _aLa condición de la mujer y la planificación de la familia ; informe de la relatoria especial...
260 _aNueva York :
_bNaciones Unidas,
_c1975
300 _a159 p.
590 _aBATCH-UPD
_b10
_c20130110
_lUCH01
_h1014
590 _aBATCH-UPD
_b10
_c20130410
_lUCH01
_h0621
590 _aBATCH-UPD
_b10
_c20130914
_lUCH01
_h1340
590 _aCONVERSION
_b10
_c20130109
_lUCH01
_h1317
650 1 4 _aFamilia
_xPlaneación.
_939409
650 1 4 _aMujer
_xSituación social
_zColima.
_979337
901 _aBK
942 _cLIBRO
949 _a396 N3
_bBC
_cLIBRO
_d33724000397832
_eLIBRO
_h42676
_i35084
_si
999 _c30000
_d30000